000 01427cam a2200349 i 4500
001 991061761683706706
003 ES-BaIT
005 20260507134937.0
008 260507e202410 sp a 000 d spa d
017 _aDL B 13448-2025
_bBiblioteca de Catalunya
020 _a9788410160279
020 _a8410160277
040 _aES-BaIT
_bcat
_erda
_cES-BaIT
080 _a860-2"20"
100 1 _aNovara, Carmela,
_d1992-
_eautor
_9165421
245 1 4 _aLas liebres duermen con los ojos abiertos
_c/ Carmela Novara ; prólogo Edna Rocío León ; ilustraciones Mailén Navas ; artículo Alberto Rizzo
250 _aPrimera edición
264 1 _aBarcelona :
_bEdiciones Mutis,
_coctubre de 2025
336 _atext
_btxt
_2rdacontent
337 _asense mediació
_bn
_2rdamedia
338 _avolum
_bnc
_2rdacarrier
500 _aP5: D4, H1 en P3: D2, H1 (lectura dramatitzada de la companyia Disonantes a la 84a Feria del Libro de Madrid)
586 _aPremio Mutis 2025 al millor text original
650 4 _aViolència envers les dones
_xTextos dramàtics
_9104489
650 4 _aCulpabilitat
_xTextos dramàtics
_9169433
700 1 _aLeón Mahecha, Edna Rocío,
_d1988-
_eescriptor d'un pròleg
_9165326
700 1 _aNavas, Mailén
_eil·lustrador
_9169434
700 1 2 _iContenidor de (obra):
_aRizzo, Alberto,
_d1981-
_tViolencia, silencio y complicidad
_9169435
908 _aCDMAE
940 _aCDMAE
942 _2udc
_c1
999 _c137434
_d137434